Pokémon by National Pokédex number - Statistics

General Stats
  • This quiz has been taken 44 times
  • The average score is 18 of 26
Answer Stats
Character Number % Correct
Bulbasaur 001
100%
Pikachu 025
87%
Ditto 132
84%
Eevee 133
84%
Kabutops 141
84%
Zapdos 145
84%
Mew 151
84%
Nidoking 034
77%
Ho-Oh 250
77%
Voltorb 100
74%
Rayquaza 384
74%
Ampharos 181
71%
Jirachi 385
68%
Calyrex 898
68%
Umbreon 197
65%
Tyranitar 248
61%
Gardevoir 282
61%
Oshawott 501
61%
Inteleon 818
61%
Quagsire 195
58%
Fennekin 653
58%
Sylveon 700
58%
Wobbuffet 202
55%
Lucario 448
55%
Xerneas 716
55%
Yveltal 717
55%
No matching quizzes found
Score Distribution
Percent of People with Each Score
Percentile by Number Answered
Your Score History
You have not taken this quiz